Villes des Ardennes en images - Statistiques

Statistiques générales
  • Ce quiz a été pris 138 fois
  • Le résultat moyen est 9 sur 18
Statistiques - réponses
Par images Hint Réponse % Correct
C Charleville-Mézières
99%
S Sedan
88%
R Rethel
84%
G Givet
76%
C Chooz
71%
R Rocroi
70%
M Monthermé
65%
V Vouziers
64%
B Bogny-sur-Meuse
56%
F Fumay
50%
A Autruche
47%
H Haybes
33%
M Mouzon
33%
A Asfeld
27%
A Attigny
23%
H Hierges
13%
B Bairon
8%
W Wasigny
8%
Aucun quiz correspondant
Distribution des résultats
% des personnes avec chaque résultat
Percentile par nombre de réponses
Votre historique - résultats
Vous n’avez pas pris ce quiz